Glosari pelancongan : bahasa Inggeris - huraian bahasa Melayu :

Bibliographic Details
Corporate Author: Dewan Bahasa dan Pustaka
Format: Book
Language:English
Published: Kuala Lumpur : Dewan Bahasa dan Pustaka 1997
Subjects:

MARC

LEADER 00000cam a2200000 7i4500
001 0000006310
005 20240913.0
008 000204 my eng
020 |a 983625806x (pbk) 
040 |a INS   |b eng   |e rda 
090 0 0 |a RPL5125   |b .G66 1997 
245 0 0 |a Glosari pelancongan :   |b bahasa Inggeris - huraian bahasa Melayu :   |b bahasa Melayu - bahasa Inggeris 
264 1 |a Kuala Lumpur :   |b Dewan Bahasa dan Pustaka   |c 1997 
264 4 |c ©1997 
300 |a xviii, 209 pages ;   |c 14 cm. 
336 |a text  |2 rdacontent 
337 |a unmediated  |2 rdamedia 
338 |a volume  |2 rdacarrier 
504 |a Includes bibliographical references 
650 0 |a Tourist trade   |x dictionaries 
650 0 |a Tourist trade   |x dictionaries   |x Malay 
710 2 |a Dewan Bahasa dan Pustaka 
999 |a 0000007429   |b BOOK   |c Red Spot   |e Default branch